000 00264 a2200097 4500
001 59077
100 _a
245 _aFellowship of the Ring; Being the first part of the lord of the rings; Part 1
260 _aLondon
_bHarper Collinns
_c1999
090 _c36178
_d36178
942 _aNUST-CAE
_c
_c29089
999 _c294150
_d294150